000 00759nam a2200253 a 4500
001 BRL_1006
005 20190320211006.0
008 311013s1973----mx-a######---#000-0#spa-#
041 _aspa
044 _amx
050 4 _aF1219.3.P3
_b.L46 1973
100 1 _aLenz, Hans
_914649
245 1 0 _aEl papel indígena mexicano
_cHans Lenz.
260 _aMéxico
_bSecretaría de Educación Pública
_c1973
300 _a186 p.
_bil.
_c17 cm.
440 0 _aSepsetentas
_v65
_922717
500 _aAu1109
504 _aBibliografía: p. 183-186
650 1 4 _aIndígenas de México
_xVida social y costumbres
_910614
650 1 4 _aFabricación de papel
_xHistoria
_zMéxico
_925551
650 1 4 _aIndustria del papel
_zMéxico
_925552
902 _aGRL
942 _2lcc
_cB
999 _c9818
_d9818